[Event "British Rapidplay"]
[Site "Peterborough"]
[Date "2025.03.01"]
[Round "6.64"]
[White "Smith, Andrew PE"]
[Black "Nilim, Armaan"]
[Result "0-1"]
[WhiteElo "1745"]
[BlackElo "1848"]
[PlyCount "126"]
[EventDate "2025.03.01"]
[EventType "swiss (rapid)"]
[EventRounds "11"]
[EventCountry "ENG"]
[SourceTitle "BritBase"]
[Source "John Saunders"]
[SourceDate "2025.03.03"]
[SourceVersion "1"]
[SourceVersionDate "2025.03.03"]
[SourceQuality "2"]

1. e4 e5 2. Nf3 Nc6 3. Bc4 Nf6 4. Ng5 d5 5. exd5 Na5 6. Bb5+ c6 7. dxc6 bxc6 8. Qf3 Be7 9. Bxc6+ Nxc6 10. Qxc6+ Bd7 11. Qf3 O-O 12. Ne4 Rc8 13. Nxf6+ Bxf6 14. Nc3 Bc6 15. Qg3 Bh4 16. Qh3 e4 17. O-O f5 18. d3 Qf6 19. g3 Bg5 20. Bxg5 Qxg5 21. dxe4 fxe4 22. Qe6+ Kh8 23. Nxe4 Qh5 24. Rfe1 Rfe8 25. Nf6 Qf3 26. Qxe8+ Rxe8 27. Rxe8+ Bxe8 28. Nxe8 Qe4 29. Nd6 Qd5 30. Nc8 Qd7 31. Nxa7 Qxa7 32. c4 Qd4 33. Rb1 Qxc4 34. a3 h6 35. b4 Qd3 36. Ra1 Qc3 37. Ra2 Qb3 38. Ra1 Qc3 39. Ra2 Qe1+ 40. Kg2 Qe4+ 41. f3 Qb1 42. Re2 Qb3 43. Re4 Qxa3 44. g4 Qa2+ 45. Kg3 Qd5 46. h4 Kh7 47. h5 Kg8 48. Rf4 Qe5 49. b5 Qxb5 50. Re4 Qd5 51. Kf2 Kf7 52. Kg3 Kf6 53. Rf4+ Ke6 54. Re4+ Kd6 55. Re8 Qc5 56. Re4 Qg1+ 57. Kf4 Qc5 58. Kg3 Qg1+ 59. Kf4 Qh2+ 60. Kf5 Qg3 61. Rf4 Kd5 62. Re4 Qxf3+ 63. Rf4 Qd3+ 0-1

[Event "British Rapidplay"]
[Site "Peterborough"]
[Date "2025.03.01"]
[Round "6.65"]
[White "Ewart, Thomas"]
[Black "Lee, Yuk Hei"]
[Result "0-1"]
[WhiteElo "1701"]
[BlackElo "1877"]
[PlyCount "118"]
[EventDate "2025.03.01"]
[EventType "swiss (rapid)"]
[EventRounds "11"]
[EventCountry "ENG"]
[SourceTitle "BritBase"]
[Source "John Saunders"]
[SourceDate "2025.03.03"]
[SourceVersion "1"]
[SourceVersionDate "2025.03.03"]
[SourceQuality "2"]

1. c4 e5 2. Nc3 Nf6 3. g3 d5 4. cxd5 Nxd5 5. Bg2 Nb6 6. e3 Bd6 7. Nge2 c6 8. d4 exd4 9. Nxd4 O-O 10. O-O Bc7 11. Nb3 Be6 12. Nd4 Bc4 13. Re1 f6 14. b3 Bf7 15. Nc2 N8d7 16. Bb2 Ne5 17. Qxd8 Raxd8 18. Red1 Rfe8 19. Ne4 Nd3 20. Bxf6 Bg6 21. Bxd8 Rxd8 22. Nc3 Rf8 23. Rd2 Be5 24. Nd4 c5 25. Ne6 Re8 26. Nxc5 Nxc5 27. Rc1 Nd3 28. Rcc2 Nb4 29. Rc1 Nd3 30. Rcc2 Re7 31. Ne4 Ne1 32. Rd8+ Kf7 33. Ng5+ Kf6 34. Re2 Nxg2 35. Kxg2 Kxg5 36. f4+ Kf6 37. Rf8+ Ke6 38. e4 Bh5 39. Rd2 Bc3 40. Rd3 Bb4 41. h3 Be2 42. Re3 Bb5 43. Kf3 Rc7 44. Rf5 Bc6 45. Re5+ Kf7 46. Rd3 Nd7 47. Rf5+ Ke7 48. Rg5 g6 49. h4 Nf6 50. Re5+ Kf7 51. g4 Nxe4 52. Rxe4 Re7 53. Rde3 Rxe4 54. Rxe4 Kf6 55. Ke3 Bc5+ 56. Kd3 Bxe4+ 57. Kxe4 h5 58. gxh5 gxh5 59. Kd5 Bf2 0-1

[Event "British Rapidplay"]
[Site "Peterborough"]
[Date "2025.03.01"]
[Round "6.66"]
[White "May, David C"]
[Black "Fearnhead, Benjamin"]
[Result "0-1"]
[WhiteElo "1670"]
[BlackElo "1881"]
[PlyCount "118"]
[EventDate "2025.03.01"]
[EventType "swiss (rapid)"]
[EventRounds "11"]
[EventCountry "ENG"]
[SourceTitle "BritBase"]
[Source "John Saunders"]
[SourceDate "2025.03.03"]
[SourceVersion "1"]
[SourceVersionDate "2025.03.03"]
[SourceQuality "2"]

1. d4 d5 2. Bf4 c5 3. e3 Nc6 4. Nc3 a6 5. Nf3 Bf5 6. Bd3 Bg6 7. O-O e6 8. dxc5 Bxc5 9. Ne5 Nge7 10. a3 Bd6 11. Nxc6 Nxc6 12. Bxd6 Qxd6 13. f4 Rd8 14. Qf3 Qc5 15. Rad1 O-O 16. Na4 Qa7 17. Kh1 Rfe8 18. b4 Bxd3 19. cxd3 a5 20. b5 Ne7 21. b6 Qa6 22. d4 Qb5 23. Nc5 Qxb6 24. Rb1 Qc6 25. Nxb7 Rb8 26. Nxa5 Qa4 27. Nb7 Qxa3 28. Nc5 Nf5 29. Rxb8 Rxb8 30. e4 Qxf3 31. gxf3 Nxd4 32. f5 exf5 33. exd5 Rd8 34. Ra1 g6 35. Kg2 Rxd5 36. Ra8+ Kg7 37. Rc8 Ne6 38. Nb7 Rd2+ 39. Kg1 Ng5 40. f4 Nf3+ 41. Kf1 Nxh2+ 42. Ke1 Nf3+ 43. Kf1 Rd4 44. Rc7 Rxf4 45. Ke2 Ng5 46. Nd6 h5 47. Rc8 Ne4 48. Ne8+ Kh6 49. Nc7 h4 50. Ke3 Rg4 51. Nd5 Kg5 52. Rh8 Rg3+ 53. Ke2 Nc3+ 54. Nxc3 Rxc3 55. Kf2 h3 56. Kg1 Kg4 57. Kh1 Kg3 58. Rxh3+ Kxh3 59. Kg1 Rf3 0-1

[Event "British Rapidplay"]
[Site "Peterborough"]
[Date "2025.03.01"]
[Round "6.67"]
[White "Bahtiyorova, Nodirabegim"]
[Black "Graff, Ben"]
[Result "1/2-1/2"]
[WhiteElo "1761"]
[BlackElo "1800"]
[PlyCount "142"]
[EventDate "2025.03.01"]
[EventType "swiss (rapid)"]
[EventRounds "11"]
[EventCountry "ENG"]
[SourceTitle "BritBase"]
[Source "John Saunders"]
[SourceDate "2025.03.03"]
[SourceVersion "1"]
[SourceVersionDate "2025.03.03"]
[SourceQuality "2"]

1. e4 Nc6 2. d4 d5 3. e5 Bf5 4. c3 f6 5. f4 e6 6. Nf3 Be7 7. Bd3 Nh6 8. Be3 O-O 9. Qe2 a6 10. Nbd2 Qd7 11. Nf1 fxe5 12. fxe5 Bg4 13. Ng3 Nf5 14. Nxf5 Bxf5 15. O-O Bxd3 16. Qxd3 Rf5 17. Rf2 Raf8 18. Raf1 Na5 19. b3 Nc6 20. Ne1 Rxf2 21. Rxf2 Qe8 22. g3 Rxf2 23. Bxf2 Nd8 24. Ng2 Qf8 25. Kf1 c5 26. Ke2 cxd4 27. cxd4 Qf7 28. h4 Qh5+ 29. Kf1 g5 30. Qe2 Qg6 31. Ne3 gxh4 32. gxh4 Qb1+ 33. Be1 Qe4 34. Qg4+ Qxg4 35. Nxg4 Nc6 36. Bf2 Nb4 37. a3 Nd3 38. Bg3 Bxa3 39. Nf6+ Kg7 40. Ne8+ Kf7 41. Nf6 Nc1 42. Nxh7 Nxb3 43. Ng5+ Ke7 44. Bf2 Bb2 45. Nf3 Bc1 46. Ke2 Bh6 47. Kd3 Na5 48. Kc3 Nc6 49. Kb3 Kf7 50. Ne1 Kg6 51. Nd3 Bf8 52. h5+ Kf5 53. Kc3 b5 54. Ne1 b4+ 55. Kb3 Ke4 56. Nc2 a5 57. Be3 Kf5 58. Ka4 Ke4 59. h6 Kf5 60. h7 Bg7 61. Bh6 Bh8 62. Kb5 Kg6 63. Be3 b3 64. Kxc6 bxc2 65. Kd6 Kf7 66. Bc1 a4 67. Kc5 Kg6 68. Kd6 Kf7 69. Kc5 Kg6 70. Kd6 Kf7 71. Kc5 Kg6 1/2-1/2

[Event "British Rapidplay"]
[Site "Peterborough"]
[Date "2025.03.01"]
[Round "6.69"]
[White "Watkinson, Phil K"]
[Black "Bevis, Noah"]
[Result "0-1"]
[WhiteElo "1775"]
[BlackElo "1777"]
[PlyCount "116"]
[EventDate "2025.03.01"]
[EventType "swiss (rapid)"]
[EventRounds "11"]
[EventCountry "ENG"]
[SourceTitle "BritBase"]
[Source "John Saunders"]
[SourceDate "2025.03.03"]
[SourceVersion "1"]
[SourceVersionDate "2025.03.03"]
[SourceQuality "2"]

1. d4 Nf6 2. c4 g6 3. Nc3 Bg7 4. e4 d6 5. Be2 O-O 6. Bg5 Nbd7 7. Qd2 Re8 8. f3 c5 9. d5 a6 10. Nh3 Rb8 11. Nf2 Qa5 12. a4 e6 13. Bf4 e5 14. Be3 Nf8 15. O-O N6d7 16. g4 Qd8 17. Rab1 Nf6 18. b4 cxb4 19. Rxb4 N8d7 20. Nd3 Qc7 21. Qa2 h5 22. Kh1 hxg4 23. fxg4 Nc5 24. Nxc5 dxc5 25. Rb2 Bxg4 26. Rg1 Bxe2 27. Rxe2 Rbc8 28. Reg2 Qd7 29. Qf2 Qh3 30. Rg3 Qd7 31. Bg5 Nh5 32. Rf3 Rf8 33. Qe3 Kh7 34. Rh3 f6 35. Bh4 Bh6 36. Qf3 Nf4 37. Bg3 Nxh3 38. Rf1 Ng5 39. Qg2 Qh3 40. Qe2 Rcd8 41. Rd1 Qh5 42. Qf2 Qf3+ 43. Kg1 Qxf2+ 44. Kxf2 Nh3+ 45. Kf3 Bf4 46. d6 Ng5+ 47. Kg2 Bxg3 48. hxg3 Ne6 49. Rd5 Rd7 50. a5 Rfd8 51. Na4 Rxd6 52. Nb6 Kg7 53. Na4 Kf7 54. Nc3 Ke7 55. Na4 Rxd5 56. cxd5 Nc7 57. Nxc5 Nxd5 58. exd5 Rxd5 0-1

[Event "British Rapidplay"]
[Site "Peterborough"]
[Date "2025.03.01"]
[Round "6.70"]
[White "Zajaczkowski, Marek"]
[Black "Balmond, Tom"]
[Result "0-1"]
[WhiteElo "1710"]
[BlackElo "1708"]
[PlyCount "72"]
[EventDate "2025.03.01"]
[EventType "swiss (rapid)"]
[EventRounds "11"]
[EventCountry "ENG"]
[SourceTitle "BritBase"]
[Source "John Saunders"]
[SourceDate "2025.03.03"]
[SourceVersion "1"]
[SourceVersionDate "2025.03.03"]
[SourceQuality "2"]

1. e4 e5 2. Nc3 Nf6 3. f4 d5 4. fxe5 Nxe4 5. Nxe4 dxe4 6. d3 exd3 7. Qxd3 Qxd3 8. Bxd3 Nc6 9. Bf4 Be6 10. Bb5 Bd5 11. Nf3 Bc5 12. O-O-O O-O-O 13. a3 Bxf3 14. gxf3 Nd4 15. Bc4 b5 16. Bd3 Nxf3 17. Bxb5 g5 18. Bg3 h5 19. h4 Be3+ 20. Kb1 Rxd1+ 21. Rxd1 gxh4 22. Bc6 hxg3 23. Bxf3 h4 24. Bg4+ Kb8 25. Bh3 a6 26. Rd3 Bf2 27. Rb3+ Ka7 28. Bg2 Bb6 29. Bh3 Bd4 30. Rb4 Bxe5 31. Bg2 a5 32. Rb5 h3 33. Bxh3 Rxh3 34. Rxe5 g2 35. Rg5 Rh1+ 36. Ka2 g1=Q 0-1

[Event "British Rapidplay"]
[Site "Peterborough"]
[Date "2025.03.01"]
[Round "6.71"]
[White "Ekram, Itmam"]
[Black "Davis, Joshua"]
[Result "0-1"]
[WhiteElo "1610"]
[BlackElo "1716"]
[PlyCount "54"]
[EventDate "2025.03.01"]
[EventType "swiss (rapid)"]
[EventRounds "11"]
[EventCountry "ENG"]
[SourceTitle "BritBase"]
[Source "John Saunders"]
[SourceDate "2025.03.03"]
[SourceVersion "1"]
[SourceVersionDate "2025.03.03"]
[SourceQuality "2"]

1. e4 c6 2. d4 d5 3. exd5 cxd5 4. Nf3 Nc6 5. Nc3 Nf6 6. a3 Bg4 7. Be2 e6 8. h3 Bxf3 9. Bxf3 Bd6 10. Be3 Qb6 11. b4 a6 12. Na4 Qc7 13. Qd2 O-O 14. O-O Rfc8 15. Rac1 Ne7 16. Nb2 Nf5 17. c3 Nh4 18. Qe2 Nxf3+ 19. Qxf3 Ne4 20. c4 Qd7 21. cxd5 Rxc1 22. Rxc1 exd5 23. Bf4 Bxf4 24. Qxf4 Rc8 25. f3 Rxc1+ 26. Qxc1 Nf6 27. Nd3 g6 0-1

[Event "British Rapidplay"]
[Site "Peterborough"]
[Date "2025.03.01"]
[Round "6.72"]
[White "Parikh, Naavya"]
[Black "Rogowski, Rafal"]
[Result "1-0"]
[WhiteElo "1741"]
[BlackElo "1705"]
[PlyCount "103"]
[EventDate "2025.03.01"]
[EventType "swiss (rapid)"]
[EventRounds "11"]
[EventCountry "ENG"]
[SourceTitle "BritBase"]
[Source "John Saunders"]
[SourceDate "2025.03.03"]
[SourceVersion "1"]
[SourceVersionDate "2025.03.03"]
[SourceQuality "2"]

1. e4 e6 2. d4 d5 3. exd5 exd5 4. Bb5+ c6 5. Be2 Bd6 6. Nf3 Ne7 7. O-O O-O 8. b3 Qc7 9. Bb2 Bg4 10. h3 Bf5 11. Nbd2 Re8 12. Re1 Nd7 13. Nf1 Nf6 14. Ne3 Bg6 15. Rc1 Nf5 16. Nxf5 Bxf5 17. Bd3 Bxd3 18. Qxd3 Bf4 19. Rcd1 Ne4 20. c4 Rad8 21. Re2 Re7 22. Ba3 Re6 23. Bc1 Rde8 24. Rc2 Bxc1 25. Rdxc1 dxc4 26. Qxc4 Qf4 27. d5 cxd5 28. Qxd5 h6 29. Qxb7 Rg6 30. Kf1 Nxf2 31. Kxf2 Qe3+ 32. Kf1 Rg3 33. Qd5 Re4 34. Rc8+ Re8 35. Rxe8+ Qxe8 36. Kf2 Rg6 37. Qb7 Kh7 38. Qxa7 Re6 39. Re1 Rxe1 40. Nxe1 f5 41. Qe3 Qb5 42. a4 Qb4 43. Qd3 Qh4+ 44. Ke2 Qe7+ 45. Kd2 Qb4+ 46. Kd1 g6 47. Qc4 Qd6+ 48. Kc2 Qe7 49. Qc3 Qe4+ 50. Kb2 Qe2+ 51. Kc1 Kg8 52. Qc4+ 1-0

[Event "British Rapidplay"]
[Site "Peterborough"]
[Date "2025.03.01"]
[Round "6.73"]
[White "Riddoch, Alan"]
[Black "Boganadham, Ved Sudeep"]
[Result "1-0"]
[WhiteElo "1751"]
[BlackElo "1649"]
[PlyCount "119"]
[EventDate "2025.03.01"]
[EventType "swiss (rapid)"]
[EventRounds "11"]
[EventCountry "ENG"]
[SourceTitle "BritBase"]
[Source "John Saunders"]
[SourceDate "2025.03.03"]
[SourceVersion "1"]
[SourceVersionDate "2025.03.03"]
[SourceQuality "2"]

1. e4 e5 2. Nf3 Nf6 3. Nxe5 Nxe4 4. d3 Nf6 5. Nf3 Nc6 6. Be2 Be7 7. O-O O-O 8. Nc3 d5 9. d4 Re8 10. Re1 Bb4 11. Bd2 Bg4 12. h3 Bxf3 13. Bxf3 Rxe1+ 14. Bxe1 Ne4 15. Ne2 Bxe1 16. Qxe1 Qf6 17. c3 Re8 18. Ng3 Nd6 19. Qd2 Ne4 20. Re1 Qg6 21. Qf4 Re7 22. Nxe4 dxe4 23. Rxe4 Rxe4 24. Qxe4 Qxe4 25. Bxe4 Nd8 26. f4 g6 27. g4 Kg7 28. Kf2 b6 29. Ke3 f6 30. h4 Nf7 31. d5 Nd6 32. b3 b5 33. Kd4 Kf7 34. c4 bxc4 35. bxc4 Ke7 36. Bd3 Kd7 37. c5 Nf7 38. f5 g5 39. hxg5 Nxg5 40. Bb5+ Ke7 41. Be2 Nf7 42. Kc4 Kd7 43. Kb5 Nd8 44. Ka6 c6 45. d6 Kc8 46. Kxa7 Nb7 47. Ba6 h5 48. gxh5 Kd7 49. Bxb7 Kd8 50. Kb6 Kd7 51. Bxc6+ Kd8 52. a4 Kc8 53. a5 Kb8 54. a6 Kc8 55. d7+ Kd8 56. a7 Ke7 57. a8=Q Kf7 58. d8=Q Kg7 59. Qh8+ Kf7 60. Qae8# 1-0

[Event "British Rapidplay"]
[Site "Peterborough"]
[Date "2025.03.01"]
[Round "6.77"]
[White "Beswick, Andrew"]
[Black "Reghu, Jyothika U"]
[Result "1-0"]
[WhiteElo "1560"]
[BlackElo "1767"]
[PlyCount "111"]
[EventDate "2025.03.01"]
[EventType "swiss (rapid)"]
[EventRounds "11"]
[EventCountry "ENG"]
[SourceTitle "BritBase"]
[Source "John Saunders"]
[SourceDate "2025.03.03"]
[SourceVersion "1"]
[SourceVersionDate "2025.03.03"]
[SourceQuality "2"]

1. e4 Nf6 2. e5 Nd5 3. d4 d6 4. Nf3 g6 5. c4 Nb6 6. Nc3 Bg7 7. Be2 O-O 8. O-O Nc6 9. exd6 cxd6 10. h3 Bf5 11. a3 d5 12. c5 Nc4 13. b3 N4a5 14. Bf4 e5 15. Nxe5 Nxe5 16. dxe5 d4 17. Nb5 d3 18. Bf3 Be6 19. b4 Nc4 20. Re1 g5 21. Bg3 Bf5 22. Nd6 Nxd6 23. cxd6 Qb6 24. Be4 Bxe4 25. Rxe4 Qb5 26. Rc1 a5 27. Rc5 Qb6 28. Qxd3 axb4 29. axb4 h5 30. h4 Qd8 31. Qf3 gxh4 32. Bxh4 Ra1+ 33. Kh2 Qe8 34. Be7 b6 35. Rcc4 b5 36. Rc5 f5 37. exf6 Qg6 38. Bxf8 Bxf8 39. d7 Bd6+ 40. g3 Bxg3+ 41. Qxg3 Qxg3+ 42. Kxg3 Rd1 43. Rc8+ Kf7 44. d8=Q Rxd8 45. Rxd8 Kxf6 46. Rd5 Kg6 47. Rxb5 Kf6 48. Rbe5 Kf7 49. b5 h4+ 50. Kxh4 Kf6 51. b6 Kf7 52. b7 Kf6 53. b8=Q Kg6 54. Re6+ Kh7 55. Rd4 Kg7 56. Rd7# 1-0

[Event "British Rapidplay"]
[Site "Peterborough"]
[Date "2025.03.02"]
[Round "7.1"]
[White "Maroroa Jones, Gawain C B"]
[Black "Ghasi, Ameet K"]
[Result "1-0"]
[WhiteElo "2654"]
[BlackElo "2505"]
[PlyCount "55"]
[EventDate "2025.03.01"]
[EventType "swiss (rapid)"]
[EventRounds "11"]
[EventCountry "ENG"]
[SourceTitle "BritBase"]
[Source "John Saunders"]
[SourceDate "2025.03.03"]
[SourceVersion "1"]
[SourceVersionDate "2025.03.03"]
[SourceQuality "2"]

1. Nf3 Nf6 2. g3 g6 3. b3 Bg7 4. Bb2 O-O 5. Bg2 d6 6. d4 b5 7. Na3 b4 8. Nc4 a5 9. Nfe5 d5 10. a3 Ra6 11. Nd2 c5 12. dxc5 Qc7 13. axb4 axb4 14. Nd3 Nc6 15. Nf3 Rd8 16. O-O d4 17. Rxa6 Bxa6 18. Qa1 Bxd3 19. cxd3 e5 20. Nd2 Ne7 21. Rc1 Nfd5 22. Rc4 f5 23. Qa6 Qc8 24. Qxc8 Rxc8 25. c6 Kf7 26. Rc5 Ke6 27. Nc4 Rxc6 28. Bxd5+ 1-0

[Event "British Rapidplay"]
[Site "Peterborough"]
[Date "2025.03.02"]
[Round "7.2"]
[White "Vitiugov, Nikita"]
[Black "Gormally, Daniel W"]
[Result "1-0"]
[WhiteElo "2668"]
[BlackElo "2428"]
[PlyCount "109"]
[EventDate "2025.03.01"]
[EventType "swiss (rapid)"]
[EventRounds "11"]
[EventCountry "ENG"]
[SourceTitle "BritBase"]
[Source "John Saunders"]
[SourceDate "2025.03.03"]
[SourceVersion "1"]
[SourceVersionDate "2025.03.03"]
[SourceQuality "2"]

1. Nf3 Nf6 2. b3 d5 3. Bb2 c6 4. g3 Bg4 5. Bg2 Nbd7 6. O-O e6 7. d3 Bxf3 8. Bxf3 Bd6 9. Nd2 Qe7 10. a3 h5 11. h3 O-O-O 12. e3 g5 13. Kg2 Be5 14. d4 Bc7 15. Be2 e5 16. c4 exd4 17. Bxd4 Bb6 18. Bxb6 Nxb6 19. Qc2 d4 20. exd4 g4 21. Qf5+ Kb8 22. Qf4+ Qd6 23. Qxd6+ Rxd6 24. hxg4 hxg4 25. d5 cxd5 26. Rh1 Re8 27. c5 Rde6 28. Bd3 Nbd7 29. b4 Ne4 30. Nxe4 dxe4 31. Bb5 Rd8 32. Rad1 Kc7 33. Rd4 Nf6 34. Rxd8 Kxd8 35. Bc4 Re7 36. Rh8+ Kc7 37. Rf8 b6 38. cxb6+ Kxb6 39. Rxf7 Rxf7 40. Bxf7 a5 41. Bc4 axb4 42. axb4 Nd7 43. Kf1 Ne5 44. Be2 Nf3 45. Bd1 Kb5 46. Ke2 Kxb4 47. Ke3 Kc3 48. Kxe4 Nh2 49. Kf4 Kd2 50. Bxg4 Ke1 51. f3 Kf2 52. Bh5 Kg2 53. Be8 Kh3 54. Bd7+ Kg2 55. g4 1-0

[Event "British Rapidplay"]
[Site "Peterborough"]
[Date "2025.03.02"]
[Round "7.3"]
[White "Buckley, Graeme N"]
[Black "Han, Yichen"]
[Result "1/2-1/2"]
[WhiteElo "2268"]
[BlackElo "2430"]
[PlyCount "252"]
[EventDate "2025.03.01"]
[EventType "swiss (rapid)"]
[EventRounds "11"]
[EventCountry "ENG"]
[SourceTitle "BritBase"]
[Source "John Saunders"]
[SourceDate "2025.03.03"]
[SourceVersion "1"]
[SourceVersionDate "2025.03.03"]
[SourceQuality "2"]

1. e4 c5 2. Nf3 a6 3. c3 Nf6 4. e5 Nd5 5. d4 cxd4 6. cxd4 d6 7. Bc4 e6 8. O-O Nc6 9. Nbd2 Qc7 10. exd6 Bxd6 11. Ne4 Bf4 12. Re1 O-O 13. a3 b6 14. Bxf4 Qxf4 15. Rc1 Bb7 16. Bxd5 exd5 17. Nc3 Qd6 18. Na4 Na5 19. Ne5 Nc4 20. Qf3 Rab8 21. Qg3 Bc8 22. Nxc4 Qxg3 23. fxg3 dxc4 24. Rxc4 b5 25. Rb4 a5 26. Rb3 Be6 27. d5 Bxd5 28. Rd3 Bxg2 29. Kxg2 bxa4 30. Re2 Rb5 31. Rd4 Rfb8 32. Kh3 Rh5+ 33. Kg4 Rhb5 34. Rxa4 h5+ 35. Kh4 Rxb2 36. Rxb2 Rxb2 37. Kxh5 Rxh2+ 38. Kg4 g6 39. Rxa5 Kg7 40. Ra8 Ra2 41. Kf4 Rf2+ 42. Ke3 Rg2 43. Kf3 Ra2 44. a4 Kf6 45. Ra6+ Kg5 46. Ra5+ f5 47. Ra6 Kh5 48. Kf4 Rf2+ 49. Ke3 Rf1 50. Rb6 Re1+ 51. Kf3 Re4 52. a5 Ra4 53. Rc6 Rxa5 54. Rc4 Kg5 55. Rb4 Ra3+ 56. Kf2 Rc3 57. Ra4 Rc7 58. Kf3 Rc3+ 59. Kf2 Kh5 60. Rh4+ Kg5 61. Ra4 Kf6 62. Ra6+ Kf7 63. Ra7+ Kg8 64. Rb7 Kf8 65. Ra7 Rc4 66. Kf3 Re4 67. Ra5 Kf7 68. Ra7+ Kf6 69. Ra6+ Re6 70. Ra4 g5 71. Ra3 Rd6 72. Rb3 Ke5 73. Re3+ Kf6 74. Rb3 Rd4 75. Ra3 Ke5 76. Re3+ Re4 77. Ra3 g4+ 78. Kf2 Rd4 79. Re3+ Kd5 80. Re8 Ra4 81. Rd8+ Ke4 82. Re8+ Kd3 83. Rd8+ Rd4 84. Rf8 Rd5 85. Ra8 Ke4 86. Re8+ Kd4 87. Ra8 Rd7 88. Ra4+ Ke5 89. Ke3 Rd1 90. Ra5+ Kf6 91. Ra6+ Kg5 92. Ra3 Rb1 93. Kf2 Rb2+ 94. Kf1 Kf6 95. Ra5 Ke6 96. Rc5 Rd2 97. Ra5 Rd5 98. Ra4 Ke5 99. Ke2 Rd4 100. Ra5+ Ke4 101. Ra8 Rd5 102. Ra4+ Rd4 103. Ra8 Rd6 104. Ra4+ Ke5 105. Ke3 Rd1 106. Ra5+ Kf6 107. Ra6+ Kg5 108. Ra3 f4+ 109. gxf4+ Kh4 110. Kf2 Rb1 111. Kg2 Rb2+ 112. Kg1 g3 113. f5 Kh3 114. Ra1 Rg2+ 115. Kh1 Rf2 116. Kg1 Rxf5 117. Ra8 Kg4 118. Ra4+ Rf4 119. Rxf4+ Kxf4 120. Kg2 Kg4 121. Kg1 Kf3 122. Kf1 Kf4 123. Kg2 Kg4 124. Kg1 Kh3 125. Kh1 g2+ 126. Kg1 Kg3 1/2-1/2

[Event "British Rapidplay"]
[Site "Peterborough"]
[Date "2025.03.02"]
[Round "7.4"]
[White "Roberson, Peter T"]
[Black "Martyn, Rafe"]
[Result "1-0"]
[WhiteElo "2434"]
[BlackElo "2201"]
[PlyCount "67"]
[EventDate "2025.03.01"]
[EventType "swiss (rapid)"]
[EventRounds "11"]
[EventCountry "ENG"]
[SourceTitle "BritBase"]
[Source "John Saunders"]
[SourceDate "2025.03.03"]
[SourceVersion "1"]
[SourceVersionDate "2025.03.03"]
[SourceQuality "2"]

1. e4 c5 2. Be2 Nc6 3. f4 g6 4. Nf3 Bg7 5. O-O d5 6. d3 dxe4 7. dxe4 Qxd1 8. Rxd1 Bg4 9. c3 Nh6 10. Be3 b6 11. a4 O-O 12. Na3 Na5 13. Nc4 Nxc4 14. Bxc4 Rad8 15. a5 Bd7 16. h3 Bc6 17. Ng5 e5 18. Rxd8 Rxd8 19. axb6 axb6 20. Ra6 Rb8 21. Bxc5 bxc5 22. Rxc6 Rxb2 23. Rc8+ Bf8 24. fxe5 Rc2 25. e6 Kg7 26. exf7 Rc1+ 27. Kf2 Nxf7 28. Nxf7 Rxc3 29. Bd5 Rc2+ 30. Kf3 Rd2 31. Ne5 Rc2 32. Ng4 Rc3+ 33. Ke2 Be7 34. Rg8# 1-0

[Event "British Rapidplay"]
[Site "Peterborough"]
[Date "2025.03.02"]
[Round "7.5"]
[White "Gasanov, Eldar"]
[Black "Slaby, Jerzy"]
[Result "1-0"]
[WhiteElo "2469"]
[BlackElo "2464"]
[PlyCount "91"]
[EventDate "2025.03.01"]
[EventType "swiss (rapid)"]
[EventRounds "11"]
[EventCountry "ENG"]
[SourceTitle "BritBase"]
[Source "John Saunders"]
[SourceDate "2025.03.03"]
[SourceVersion "1"]
[SourceVersionDate "2025.03.03"]
[SourceQuality "2"]

1. d4 d5 2. c4 c6 3. Nf3 Nf6 4. Qc2 g6 5. Bf4 Bg7 6. e3 O-O 7. Nc3 Bf5 8. Qb3 Qb6 9. c5 Qxb3 10. axb3 Nh5 11. Be5 Nd7 12. Bxg7 Nxg7 13. b4 a6 14. Nd2 e5 15. Nb3 Rfe8 16. Kd2 Ne6 17. f3 g5 18. h4 h6 19. Ne2 Bg6 20. Ng3 f5 21. hxg5 hxg5 22. Bd3 Rf8 23. Rh6 Kg7 24. Rah1 exd4 25. Nxd4 Nxd4 26. exd4 a5 27. Nxf5+ Rxf5 28. Rxg6+ Kxg6 29. g4 Nf6 30. Bxf5+ Kg7 31. Ra1 a4 32. Bc2 b5 33. cxb6 Rb8 34. Rxa4 Rxb6 35. Ra7+ Kf8 36. Kc3 Ne8 37. Rd7 Nf6 38. Ra7 Ne8 39. Bd3 Nd6 40. Ra6 Rxa6 41. Bxa6 Ke7 42. b5 cxb5 43. Kb4 Nc4 44. Bxb5 Nd2 45. Be2 Kd6 46. Kc3 1-0

[Event "British Rapidplay"]
[Site "Peterborough"]
[Date "2025.03.02"]
[Round "7.6"]
[White "Kovchan, Alexander"]
[Black "Shearsby, Jude"]
[Result "1-0"]
[WhiteElo "2433"]
[BlackElo "2152"]
[PlyCount "97"]
[EventDate "2025.03.01"]
[EventType "swiss (rapid)"]
[EventRounds "11"]
[EventCountry "ENG"]
[SourceTitle "BritBase"]
[Source "John Saunders"]
[SourceDate "2025.03.03"]
[SourceVersion "1"]
[SourceVersionDate "2025.03.03"]
[SourceQuality "2"]

1. e4 c5 2. Nf3 d6 3. d4 cxd4 4. Nxd4 Nf6 5. Nc3 g6 6. Be2 Bg7 7. O-O O-O 8. Be3 Nc6 9. Qd2 Bd7 10. Rfd1 Rc8 11. f3 Ne5 12. a4 Nc4 13. Bxc4 Rxc4 14. Nb3 a6 15. Qf2 Qc8 16. a5 Re8 17. Rd2 Qc6 18. Rad1 Be6 19. Nd4 Qc8 20. Nce2 Bd7 21. c3 e5 22. Nc2 Ba4 23. Rc1 Bxc2 24. Rcxc2 Rd8 25. b3 Rc6 26. c4 Ne8 27. Nc3 f5 28. Nd5 Qe6 29. Rd1 Nf6 30. Bg5 fxe4 31. Bxf6 Bxf6 32. fxe4 Rf8 33. Qa7 Bg5 34. Qxb7 Qg4 35. Re1 Rc5 36. Qxa6 Bh4 37. h3 Qg3 38. Re3 Rxd5 39. Rxg3 Rd1+ 40. Kh2 Rff1 41. Qa8+ Kg7 42. Qa7+ Kh6 43. Rxg6+ hxg6 44. g3 Bg5 45. h4 Bd8 46. a6 Ra1 47. Rd2 Ba5 48. Qe3+ Kh7 49. Rxd6 1-0

[Event "British Rapidplay"]
[Site "Peterborough"]
[Date "2025.03.02"]
[Round "7.7"]
[White "Raju, Sooraj Menothuparam"]
[Black "Czopor, Maciej"]
[Result "0-1"]
[WhiteElo "2154"]
[BlackElo "2412"]
[PlyCount "88"]
[EventDate "2025.03.01"]
[EventType "swiss (rapid)"]
[EventRounds "11"]
[EventCountry "ENG"]
[SourceTitle "BritBase"]
[Source "John Saunders"]
[SourceDate "2025.03.03"]
[SourceVersion "1"]
[SourceVersionDate "2025.03.03"]
[SourceQuality "2"]

1. e4 c5 2. b3 Nc6 3. Bb2 a6 4. f4 d5 5. exd5 Qxd5 6. Nc3 Qd6 7. g3 Nf6 8. Bg2 Bf5 9. Nf3 g6 10. d3 Bg7 11. Ne4 Qc7 12. Nxf6+ Bxf6 13. Bxf6 exf6 14. Qe2+ Kf8 15. O-O Kg7 16. Nh4 Bd7 17. Qf2 Qd6 18. Nf3 Rad8 19. h3 h5 20. Rad1 Bc8 21. Nd2 b6 22. Nc4 Qc7 23. Ne3 Nd4 24. c3 Nf5 25. Nxf5+ Bxf5 26. d4 cxd4 27. cxd4 Rhe8 28. Rfe1 Rxe1+ 29. Rxe1 Be6 30. Rd1 Bd5 31. Bxd5 Rxd5 32. Qf3 Qd7 33. Qe4 Ra5 34. Qg2 Rd5 35. Qe4 Rd6 36. Kg2 f5 37. Qf3 Qc8 38. d5 Qc2+ 39. Kg1 Kh7 40. Qd3 Qxa2 41. Rc1 Qa5 42. Rc7 Rxd5 43. Qe3 Rd1+ 44. Kf2 Qa2+ 0-1